Barcelona / (Registro nro. 33055)
[ vista simple ]
| 000 -CABECERA | |
|---|---|
| Longitud fija campo de control | 01341nam a2200397 a 4500 |
| 003 - • IDENTIFICADOR DELl NÚMERO DE CONTROL | |
| Identificador del número de control | CO-ViMGA |
| 005 - • FECHA Y HORA DE LA ÚLTIMA TRANSACCIÓN | |
| Fecha y hora de la última transacción | 20230915232059.0 |
| 008 - • CÓDIGOS DE INFORMACIÓN DE LONGITUD FIJA | |
| Códigos de información de longitud fija | 141112s2004 ck r 000 u spa d |
| 017 ## - NÚMERO DE COPYRIGHT O DE DEPÓSITO LEGAL | |
| Número de copyright o de depósito legal | M 2123 - 2011 Oficina Depósito Legal Madrid |
| 020 ## - • NÚMERO INTERNACIONAL NORMALIZADO PARA LIBROS | |
| Número Internacional Normalizado para Libros (ISBN) | 9788408096573 |
| 040 ## - FUENTE DE LA CATALOGACIÓN | |
| Centro catalogador de origen | CO-ViMGA |
| Lengua de catalogación | spa |
| Centro transcriptor | CO-ViMGA |
| 041 ## - • CÓDIGO DE LENGUA | |
| Código de lengua del texto/banda sonora o título independiente | spa |
| 080 ## - NÚMERO DE LA CLASIFICACIÓN DECIMAL UNIVERSAL | |
| Número de la Clasificación Decimal Universal | 913(460.235 B.)(036) |
| 082 04 - • NÚMERO DE LA CLASIFICACIÓN DECIMAL DEWEY | |
| Número de clasificación (R) | R914.672 S45b |
| 100 1# - • PUNTO DE ACCESO PRINCIPAL-NOMBRE DE PERSONA | |
| Nombre de persona | Simonis, Damien |
| 240 ## - • TÍTULO UNIFORME | |
| Título uniforme | <a href="Barcelona Español">Barcelona Español</a> |
| 245 10 - • TITULO PROPIAMENTE DICHO | |
| Título | Barcelona / |
| Mención de responsabilidad, etc. | Damien Simonis ; [traducción, Isaías Fanlo] |
| 250 ## - • MENCIÓN DE EDICIÓN | |
| Mención de edición | 5a. ed. en español |
| 300 ## - • DESCRIPCIÓN FÍSICA | |
| Extensión | 308 p., VI p. de lam. col. il. col., mapa, planos 20 cm 1 mapa pleg. |
| 490 ## - • MENCIÓN DE SERIE | |
| Mención de serie | Guías de ciudad |
| 500 ## - • NOTA GENERAL | |
| Nota general | íìndice |
| 594 ## - | |
| -- | Título original : Barcelona. 7┬¬ ed. |
| 596 ## - | |
| -- | Precede al título : Lonely Planet |
| 650 14 - • PUNTO DE ACCESO ADICIONAL DE MATERIA - TÉRMINO DE MATERIA | |
| Término de materia o nombre geográfico como elemento inicial | Barcelona (España) - - Descripciones y viajes - - Guías |
| 650 14 - • PUNTO DE ACCESO ADICIONAL DE MATERIA - TÉRMINO DE MATERIA | |
| Término de materia o nombre geográfico como elemento inicial | Barcelona (España) - - Vida social y costumbres |
| 650 14 - • PUNTO DE ACCESO ADICIONAL DE MATERIA - TÉRMINO DE MATERIA | |
| Término de materia o nombre geográfico como elemento inicial | Turismo - - Barcelona (España) - - Guías |
| 651 ## - • PUNTO DE ACCESO ADICIONAL DE MATERIA - NOMBRE GEOGRÁFICO | |
| Nombre geográfico | Barcelona - Guías turísticas - embne |
| 926 ## - | |
| -- | BNALCALA SG_PETANTI 12/762269 FONDO_MODE 1 |
| 942 ## - ENTRADA DE ELEMENTOS AGREGADOS (KOHA) | |
| Fuente de clasificaión o esquema | Dewey Decimal Classification |
| Koha [por defecto] tipo de item | LIbro |
| 956 ## - LOCALIZACIÓN Y ACCESO ELECTRÓNICO LOCAL (OCLC) | |
| Nombre de la fuente | 2 |
| Perdido | Fuente de clasificación o esquema | Estado Físico | No para préstamo | Forma de adquisición | Localización permanente | Localización actual | Fecha adquisición | Serie de enumeración / cronolog&íacute;a | Préstamos totales | Signatura completa | Código de barras | Fecha última consulta | Número de copia | Fecha del precio de reemplazo | Tipo de item de Koha |
|---|---|---|---|---|---|---|---|---|---|---|---|---|---|---|---|
| Dewey Decimal Classification | Sala General Segundo Piso | Biblioteca Pública Germán Arciniegas - Villavicencio | Biblioteca Pública Germán Arciniegas - Villavicencio | 12/04/2015 | 29/abr/2014 | R914.672 S45b | 26669 | 12/04/2015 | Ej. 1 | 12/04/2015 | LIbro |